[Event "FRA-ch Universities 2019"]
[Site "Paris"]
[Date "2019.02.02"]
[Round "1.1"]
[White "Porsia, Enzo"]
[Black "Sochacki, Christophe"]
[Result "0-1"]
[WhiteElo "1752"]
[BlackElo "2482"]
[Annotator "RC"]
[PlyCount "48"]
[EventDate "2019.02.01"]
[EventType "swiss"]
[EventCountry "FRA"]
[SourceTitle "playchess.com"]
[Source "ChessBase"]
[SourceQuality "1"]
[TimeControl "900+5"]

1. e4 {[%emt 0:00:00]} e6 {[%emt 0:00:00]} 2. d4 {[%emt 0:00:01]} d5 {[%emt 0:00:00]} 3. exd5 {[%emt 0:00:02]} exd5 {[%emt 0:00:05]} 4. Nf3 {[%emt 0:00:04]} Bd6 {[%emt 0:00:02]} 5. Bd3 {[%emt 0:00:04]} Nc6 {[%emt 0:00:12]} 6. c3 {[%emt 0:00:02]} Nge7 {[%emt 0:00:02]} 7. O-O {[%emt 0:00:26]} Bg4 {[%emt 0:00:06]} 8. Bg5 {[%emt 0:00:35]} Qd7 {[%emt 0:00:35]} 9. Nbd2 {[%emt 0:01:24]} f6 {[%emt 0:01:37]} 10. Bh4 {[%emt 0:00:53]} h5 {[%emt 0:00:23]} 11. Re1 {[%emt 0:04:02]} O-O-O {[%emt 0:00:10]} 12. b4 {[%emt 0:00:22]} Nf5 {[%emt 0:00:32]} 13. Qc2 {[%emt 0:01:09]} g5 {[%emt 0:01:12]} 14. Bg3 {[%emt 0:00:41]} Nxg3 {[%emt 0:00:52]} 15. fxg3 {[%emt 0:00:20]} Kb8 {[%emt 0:00:01]} 16. a4 {[%emt 0:02:10]} h4 {[%emt 0:00:05]} 17. gxh4 {[%emt 0:00:19]} gxh4 {[%emt 0:01:04]} 18. a5 {[%emt 0:00:41]} Rdg8 {[%emt 0:00:54]} 19. b5 {[%emt 0:00:09]} Ne7 {[%emt 0:00:07]} 20. b6 {[%emt 0:00:46]} h3 {[%emt 0:03:24]} 21. a6 {[%emt 0:00:20]} cxb6 {[%emt 0:00:23]} 22. axb7 {[%emt 0:00:23]} Bxf3 {[%emt 0:00:56]} 23. Nxf3 {[%emt 0:00:03]} Rxg2+ {[%emt 0:00:03]} 24. Qxg2 {[%emt 0:00:19]} hxg2 {[%emt 0:00:02]} 0-1

[Event "FRA-ch Universities 2019"]
[Site "Paris"]
[Date "2019.02.02"]
[Round "1.2"]
[White "Graca, Robert"]
[Black "Moretti, Marcos Paulo Pereir"]
[Result "1-0"]
[WhiteElo "2270"]
[BlackElo "1812"]
[Annotator "RC"]
[PlyCount "59"]
[EventDate "2019.02.01"]
[EventType "swiss"]
[EventCountry "FRA"]
[SourceTitle "playchess.com"]
[Source "ChessBase"]
[SourceQuality "1"]
[TimeControl "900+5"]

1. Nf3 {[%emt 0:00:00]} e6 {[%emt 0:00:00]} 2. c4 {[%emt 0:00:05]} d5 {[%emt 0:00:00]} 3. d4 {[%emt 0:00:01]} f5 {[%emt 0:00:06]} 4. e3 {[%emt 0:00:16]} c6 {[%emt 0:00:05]} 5. g4 {[%emt 0:00:23]} Nf6 {[%emt 0:00:28]} 6. Ne5 {[%emt 0:00:15]} Nbd7 {[%emt 0:01:25]} 7. g5 {[%emt 0:00:57]} Nxe5 {[%emt 0:00:20]} 8. gxf6 {[%emt 0:00:15]} Ng4 {[%emt 0:01:05]} 9. fxg7 {[%emt 0:00:44]} Bxg7 {[%emt 0:00:03]} 10. Nc3 {[%emt 0:00:54]} Bd7 {[%emt 0:01:01]} 11. Bd2 {[%emt 0:01:15]} Qh4 {[%emt 0:01:34]} 12. Qf3 {[%emt 0:00:12]} O-O {[%emt 0:00:29]} 13. Qg3 {[%emt 0:00:23]} Qh5 {[%emt 0:00:58]} 14. Be2 {[%emt 0:02:28]} Qf7 {[%emt 0:01:20]} 15. O-O-O {[%emt 0:01:38]} Kh8 {[%emt 0:01:03]} 16. Rhg1 {[%emt 0:00:51]} Nf6 {[%emt 0:00:52]} 17. Qh4 {[%emt 0:01:03]} Ne4 {[%emt 0:00:51]} 18. f3 {[%emt 0:00:46]} Nxd2 {[%emt 0:00:56]} 19. Rxd2 {[%emt 0:00:01]} f4 {[%emt 0:01:09]} 20. e4 {[%emt 0:00:14]} c5 {[%emt 0:00:52]} 21. dxc5 {[%emt 0:00:40]} Bxc3 {[%emt 0:00:09]} 22. bxc3 {[%emt 0:00:01]} dxe4 {[%emt 0:00:11]} 23. fxe4 {[%emt 0:00:27]} Bc6 {[%emt 0:00:18]} 24. Bf3 {[%emt 0:00:18]} Rg8 {[%emt 0:00:16]} 25. Rxg8+ {[%emt 0:00:34]} Rxg8 {[%emt 0:00:03]} 26. Rd8 {[%emt 0:00:35]} Rxd8 {[%emt 0:01:00]} 27. Qxd8+ {[%emt 0:00:01]} Kg7 {[%emt 0:00:02]} 28. Qg5+ {[%emt 0:00:11]} Kf8 {[%emt 0:00:05]} 29. Kb2 {[%emt 0:00:07]} Ke8 {[%emt 0:00:13]} 30. Bh5 {[%emt 0:00:01]} 1-0

[Event "FRA-ch Universities 2019"]
[Site "Paris"]
[Date "2019.02.02"]
[Round "1.3"]
[White "Ranguin, Anna"]
[Black "Sochacki, Wojtek"]
[Result "0-1"]
[WhiteElo "1565"]
[BlackElo "2348"]
[Annotator "NA RC"]
[PlyCount "38"]
[EventDate "2019.02.01"]
[EventType "swiss"]
[EventCountry "FRA"]
[SourceTitle "playchess.com"]
[Source "ChessBase"]
[SourceQuality "1"]
[TimeControl "900+5"]

1. d4 {[%emt 0:00:00]} Nf6 {[%emt 0:00:00]} 2. c4 {[%emt 0:00:00]} c5 {[%emt 0:00:02]} 3. Nf3 {[%emt 0:00:13]} cxd4 {[%emt 0:00:05]} 4. Nxd4 {[%emt 0:00:09]} e5 {[%emt 0:00:03]} 5. Nb5 {[%emt 0:00:09]} d5 {[%emt 0:00:02]} 6. cxd5 {[%emt 0:00:19]} Bc5 {[%emt 0:00:04]} 7. Bg5 {[%emt 0:00:25]} Ne4 {[%emt 0:01:13]} 8. Be3 {[%emt 0:01:37]} Bxe3 {[%emt 0:00:20]} 9. fxe3 {[%emt 0:00:36]} O-O {[%emt 0:00:06]} 10. g3 {[%emt 0:01:19]} Qb6 {[%emt 0:00:19]} 11. Qd3 {[%emt 0:01:33]} Bf5 {[%emt 0:00:00]} 12. Qb3 {[%emt 0:01:41]} Nc5 {[%emt 0:00:35]} 13. Qc4 {[%emt 0:01:09]} Rc8 {[%emt 0:00:07]} 14. N1c3 {[%emt 0:02:58]} Nd3+ {[%emt 0:00:27]} 15. exd3 {[%emt 0:00:05]} Rxc4 {[%emt 0:00:02]} 16. dxc4 {[%emt 0:00:02]} a6 {[%emt 0:00:02]} 17. e4 {[%emt 0:00:32]} Bg4 {[%emt 0:00:13]} 18. Bd3 {[%emt 0:02:02]} axb5 {[%emt 0:00:04]} 19. Nxb5 {[%emt 0:00:04]} Qe3+ {[%emt 0:00:02]} 0-1

[Event "FRA-ch Universities 2019"]
[Site "Paris"]
[Date "2019.02.02"]
[Round "1.4"]
[White "Loiseau, Quentin"]
[Black "Dautheville, Simon"]
[Result "1-0"]
[WhiteElo "2452"]
[BlackElo "1756"]
[Annotator "TA"]
[PlyCount "45"]
[EventDate "2019.02.01"]
[EventType "swiss"]
[EventCountry "FRA"]
[SourceTitle "playchess.com"]
[Source "ChessBase"]
[SourceQuality "1"]

{[%evp 10,45,39,32,55,41,45,34,91,87,100,75,82,81,90,74,97,97,100,107,107,96,139,127,340,336,349,357,391,367,471,479,484,417,575,577,706,718]} 1. e4 c5 2. Nf3 d6 3. d4 cxd4 4. Nxd4 Nf6 5. f3 a6 ({Predecessor:} 5... e5 6. Nb3 a6 {½-½ (39) Klevansky,A (1747)-Djabri,M (1841) Port Elizabeth 2016}) 6. c4 e5 $146 {B55: Sicilian: 2...d6 3 d4 cxd4 4 Nxd4 Nf6 5 f3} (6... Nc6 7. Be3 e6 8. Nc3 Be7 9. Be2 O-O 10. O-O Nxd4 11. Qxd4 Bd7 12. Rfd1 Qa5 13. a3 Rfc8 14. b4 Qd8 15. Rac1 e5 16. Qd2 Qe8 17. Bg5 Be6 18. Nd5 Nxd5 19. exd5 {1-0 (55) Kokarev,D (2598)-Pridorozhni,A (2567) Khanty-Mansiysk 2018}) 7. Nb3 Be6 8. Be3 Qc7 (8... a5 $14) 9. Nc3 $16 ({Predecessor:} 9. N3d2 Nbd7 10. Nc3 b6 11. Be2 Rc8 12. O-O Qb7 13. Rc1 Be7 14. b3 {½-½ (39) Klevansky,A (1747)-Djabri,M (1841) Port Elizabeth 2016}) 9... Nbd7 10. Rc1 Rc8 11. Be2 Be7 12. Nd5 Bxd5 13. cxd5 Qb8 14. Rxc8+ Qxc8 15. Na5 Nc5 16. Qc2 Qd8 $2 {[#]} (16... Qb8 $16 {was called for.} 17. O-O Bd8) 17. b4 $18 O-O 18. O-O Ncd7 19. Nxb7 Qb8 20. Bxa6 Rc8 21. Qe2 Rc7 22. Na5 Qxb4 23. Nc6 {Accuracy: White = 82%, Black = 22%.} 1-0

[Event "FRA-ch Universities 2019"]
[Site "Paris"]
[Date "2019.02.02"]
[Round "1.5"]
[White "Perdrisot, Elie"]
[Black "Brethes, Francois"]
[Result "1-0"]
[WhiteElo "1709"]
[BlackElo "2267"]
[Annotator "TA"]
[PlyCount "66"]
[EventDate "2019.02.01"]
[EventType "swiss"]
[EventCountry "FRA"]
[SourceTitle "playchess.com"]
[Source "ChessBase"]
[SourceQuality "1"]

{[%evp 13,66,4,22,-7,24,0,44,-47,-57,-180,-131,-146,-91,-113,-122,-135,-140,-185,-184,-285,-290,-281,-272,-341,-214,-218,-181,-198,-144,-256,-236,-312,-311,-341,-347,-366,-360,-857,-835,-1409,-1397,-1189,-1208,-1215,-1199,-6065,-7459,-2844,-2870,-29989,-1016,-1026,-848,-970,-847]} 1. e4 c5 2. Nc3 e6 (2... d6 3. g3 Nc6 4. Bg2 g6 5. d3 Bg7 6. Be3 {1-0 (36) Li,R (2585)-Pedersen,C (2405) Philadelphia 2018}) 3. g3 Nc6 4. Bg2 g6 5. d3 Bg7 6. Be3 d6 7. Qd2 Nd4 8. Nge2 {B26: Closed Sicilian: 3 g3, lines with early Be3} (8. Nce2 h6 9. c3 Nc6 10. h3 Nge7 11. Nf3 b6 12. O-O Bb7 13. d4 Na5 14. Qc2 O-O 15. Rad1 Nc4 {1-0 (36) Li,R (2585)-Pedersen,C (2405) Philadelphia 2018}) 8... e5 9. O-O h5 $146 ({Predecessor:} 9... Ne7 10. f4 O-O 11. Rf2 Bg4 12. Raf1 Qd7 13. Nc1 exf4 14. Bxf4 Ndc6 15. Bh6 Ne5 {0-1 (61) Juergens,B (2111)-Simantsev,M (2453) Lueneburg 2015}) 10. h3 (10. f4 $14) 10... Bxh3 $15 11. f4 (11. Bxd4 $15 cxd4 12. Bxh3 dxc3 13. bxc3 (13. Qxc3 h4 $11)) 11... Bxg2 12. Kxg2 Nh6 ({Black should play} 12... Qd7 13. Nd5 h4 14. fxe5 Nxe2 15. Qxe2 Bxe5 16. gxh4 Rxh4) 13. fxe5 dxe5 14. Nd5 Ng4 15. Nec3 O-O 16. Bg5 (16. Rae1 $142) 16... f6 $19 17. Be3 Qd7 18. Rh1 b5 {[%cal Bb7b5,Bb5b4][%mdl 32]} 19. Raf1 b4 20. Nd1 Rac8 (20... f5 $19 21. Bxd4 fxe4 22. dxe4 exd4) 21. Nf2 (21. c3 $17 {was necessary.} Ne6 22. Nf2) 21... Nxe3+ 22. Nxe3 f5 23. Nd5 {[#]} f4 $1 {[%mdl 512]} 24. gxf4 exf4 {Strongly threatening ...f3+.} 25. Nxf4 $2 (25. Rh3) 25... Bh6 26. N2h3 Qg4+ 27. Kh2 Nf3+ 28. Rxf3 Qxf3 29. Qg2 Bxf4+ 30. Nxf4 Qxf4+ 31. Kh3 Qf3+ (31... Qe3+ $142 32. Kh2 Rf2 33. Rf1 Rxg2+ 34. Kxg2 c4 35. e5 cxd3 36. c3 Rc4 37. Kh2 Rh4+ 38. Kg2 Rg4+ 39. Kh2 Qg3+ 40. Kh1 Rh4#) 32. Kh2 Qxg2+ 33. Kxg2 Kg7 {[%mdl 32768] Accuracy: White =  7%, Black = 41%. . Sensor Board Error (Ke4/e5)?} 1-0

[Event "FRA-ch Universities 2019"]
[Site "Paris"]
[Date "2019.02.02"]
[Round "1.6"]
[White "Eden, James"]
[Black "Bremond, Abel"]
[Result "1-0"]
[WhiteElo "2338"]
[BlackElo "1836"]
[Annotator "NA RC"]
[PlyCount "79"]
[EventDate "2019.02.01"]
[EventType "swiss"]
[EventCountry "FRA"]
[SourceTitle "playchess.com"]
[Source "ChessBase"]
[SourceQuality "1"]
[TimeControl "900+5"]

1. e4 {[%emt 0:00:00]} d5 {[%emt 0:00:00]} 2. exd5 {[%emt 0:00:04]} Nf6 {[%emt 0:00:00]} 3. Bb5+ {[%emt 0:00:06]} Nbd7 {[%emt 0:00:00]} 4. Nc3 {[%emt 0:00:20]} a6 {[%emt 0:00:01]} 5. Be2 {[%emt 0:00:06]} Nb6 {[%emt 0:00:31]} 6. Nf3 {[%emt 0:00:05]} Nbxd5 {[%emt 0:00:31]} 7. Nxd5 {[%emt 0:00:05]} Qxd5 {[%emt 0:00:21]} 8. O-O {[%emt 0:00:09]} Bg4 {[%emt 0:04:43]} 9. c4 {[%emt 0:00:39]} Qh5 {[%emt 0:00:21]} 10. h3 {[%emt 0:01:14]} e5 {[%emt 0:02:40]} 11. Re1 Bd6 {[%emt 0:02:29]} 12. Nxe5 {[%emt 0:01:36]} Bxe5 {[%emt 0:01:58]} 13. Bxg4 {[%emt 0:00:12]} Nxg4 {[%emt 0:00:06]} 14. Qxg4 {[%emt 0:00:04]} Qxg4 {[%emt 0:00:15]} 15. hxg4 {[%emt 0:00:03]} f6 {[%emt 0:00:06]} 16. d4 {[%emt 0:00:03]} O-O-O {[%emt 0:00:15]} 17. dxe5 {[%emt 0:00:03]} Rhe8 {[%emt 0:00:17]} 18. Bf4 {[%emt 0:00:07]} Rd4 {[%emt 0:00:10]} 19. exf6 {[%emt 0:00:18]} Rxe1+ {[%emt 0:00:14]} 20. Rxe1 {[%emt 0:00:03]} gxf6 {[%emt 0:00:16]} 21. g3 {[%emt 0:00:05]} Rxc4 {[%emt 0:00:04]} 22. Re7 {[%emt 0:00:09]} Rc2 {[%emt 0:00:05]} 23. Rxh7 {[%emt 0:00:04]} Rxb2 {[%emt 0:00:07]} 24. Rxc7+ {[%emt 0:00:04]} Kd8 {[%emt 0:00:00]} 25. a4 {[%emt 0:00:11]} Rb4 {[%emt 0:00:08]} 26. Rf7 {[%emt 0:00:05]} Rxa4 {[%emt 0:00:13]} 27. Rxb7 {[%emt 0:00:03]} Ra1+ {[%emt 0:00:05]} 28. Kg2 {[%emt 0:00:02]} Ke8 {[%emt 0:00:09]} 29. Kf3 {[%emt 0:00:11]} a5 {[%emt 0:00:00]} 30. Ke4 {[%emt 0:00:04]} a4 {[%emt 0:00:02]} 31. Kf5 {[%emt 0:00:05]} a3 {[%emt 0:00:07]} 32. Ra7 {[%emt 0:00:07]} a2 {[%emt 0:00:13]} 33. Be3 {[%emt 0:00:05]} Kd8 {[%emt 0:00:29]} 34. Kxf6 {[%emt 0:00:03]} Ke8 {[%emt 0:00:19]} 35. g5 {[%emt 0:00:02]} Kd8 {[%emt 0:00:30]} 36. g6 {[%emt 0:00:03]} Kc8 {[%emt 0:00:03]} 37. g7 {[%emt 0:00:02]} Rd1 {[%emt 0:00:02]} 38. g8=Q+ {[%emt 0:00:08]} Rd8 {[%emt 0:00:01]} 39. Qc4+ {[%emt 0:00:05]} Kb8 {[%emt 0:00:02]} 40. Qc7# 1-0

[Event "FRA-ch Universities 2019"]
[Site "Paris"]
[Date "2019.02.02"]
[Round "1.7"]
[White "Abbassi, Zeyneb"]
[Black "Devallee, Jeremie"]
[Result "1-0"]
[WhiteElo "1794"]
[BlackElo "2317"]
[Annotator "TA"]
[PlyCount "71"]
[EventDate "2019.02.01"]
[EventType "swiss"]
[EventCountry "FRA"]
[SourceTitle "playchess.com"]
[Source "ChessBase"]
[SourceQuality "1"]

{[%evp 10,71,34,29,17,-54,-19,-78,-80,-81,-87,-170,-168,-162,-172,-165,-161,-163,-162,-217,-222,-275,-268,-270,-279,-272,-273,-275,-284,-275,-265,-275,-145,-163,-162,-181,0,-103,-95,-134,-126,-194,-129,-134,-96,-153,-153,-155,-91,-97,-66,-256,-1,-4,-7,-5,602,574,883,864,783,582,556,543]} 1. d4 Nf6 ({Predecessor:} 1... c5 2. d5 Nf6 3. Nc3 d6 4. e4 g6 5. Be2 Bg7 6. Nf3 O-O {0-1 (24) Bronowicki,M (2327)-Tazbir,M (2520) Mrzezyno 2011}) 2. Bf4 c5 3. d5 d6 $146 (3... g6 4. Nc3 {0-1 (49) Caruana,F (2816)-Nakamura,H (2769) Paris 2018}) 4. Nc3 g6 5. e4 Bg7 6. Nf3 O-O {A43: Schmid Benoni} (6... Qb6 7. Bb5+ Bd7 8. a4 a6 9. a5 Qd8 10. Be2 b5 11. axb6 Qxb6 12. Rb1 Bb5 13. O-O Nbd7 14. Re1 {0-1 (49) Caruana,F (2816)-Nakamura,H (2769) Paris 2018}) 7. Be2 (7. Nd2 $11) 7... b5 $1 $15 8. e5 (8. Bxb5 $11 Nxe4 9. Nxe4 Qa5+ {[%mdl 64] Double Attack} 10. Nc3 Bxc3+ 11. bxc3 Qxb5 12. Nd2) 8... dxe5 $17 {Black is better.} 9. Bxe5 b4 10. Bxf6 (10. Na4 $17) ({Predecessor:} 10. Na4 Nbd7 11. c4 Nxe5 12. Nxe5 Qd6 13. Nd3 Nd7 14. O-O Rb8 {0-1 (24) Bronowicki,M (2327)-Tazbir,M (2520) Mrzezyno 2011}) 10... Bxf6 $19 11. Ne4 Bxb2 12. Rb1 Bg7 13. O-O Nd7 14. d6 (14. Qd2 {was worth a try.}) 14... Bb7 15. dxe7 Qxe7 16. Nd6 Bc6 17. Re1 Qf6 18. Nc4 Rad8 19. Qc1 Rfe8 20. a3 bxa3 (20... Bb5 $19 {aiming for ...Rxe2!} 21. Bd3 Rxe1+ 22. Qxe1 Bxc4 23. Bxc4 Nb6) 21. Qxa3 $17 Qc3 {And now ...Bxf3 would win.} 22. Rb3 Qf6 $2 (22... Qxc2 $19 23. Ne3 Qe4) 23. Re3 (23. Rbb1 $1 $11 {remains equal.}) 23... Rxe3 24. Qxe3 Qc3 25. Bd3 (25. Qxc3 $17 Bxc3 26. Rd1) 25... Nf8 ({Black should play} 25... Nb6 $19 26. Nxb6 axb6) 26. Rb1 Ne6 27. h3 (27. Nce5 $142 Bxf3 28. Nxf3) 27... Nd4 28. Nxd4 Qxd4 (28... Bxd4 $142 29. Qe1 Kg7) 29. Qe7 a6 30. Rb6 $2 (30. Na5 $15 Ba4 31. Nb3 Bxb3 32. Rxb3) 30... Bf8 $2 (30... Re8 $19 31. Qd6 Re1+ 32. Bf1 {[#]} Rxf1+ $1 {[%mdl 576] Remove Defender} 33. Kxf1 Qxc4+ {[%mdl 64] Double Attack} 34. Kg1 Be8) 31. Qc7 $1 $11 {[%cal Rc7c6]} Bb5 32. Ne5 Qd5 $2 {[%mdl 8192]} (32... Be8 $11) 33. c4 $18 {[%mdl 64] [#] Double Attack. White is clearly winning.} Rc8 34. Qxc8 ({And not} 34. cxd5 Rxc7 35. Bxb5 axb5 $11) 34... Qxe5 35. Rb8 {[%csl Gb8][%cal Rc8f8]} Qe1+ 36. Bf1 {Accuracy: White = 37%, Black = 41%.} 1-0

[Event "FRA-ch Universities 2019"]
[Site "Paris"]
[Date "2019.02.02"]
[Round "1.8"]
[White "Daeschler, Florian"]
[Black "Porsia, Pietro"]
[Result "1-0"]
[WhiteElo "2276"]
[BlackElo "1709"]
[Annotator "TA"]
[PlyCount "37"]
[EventDate "2019.02.01"]
[EventType "swiss"]
[EventCountry "FRA"]
[SourceTitle "playchess.com"]
[Source "ChessBase"]
[SourceQuality "1"]

{[%evp 20,37,35,18,46,45,65,59,72,66,67,78,222,177,542,536,1058,916,29998,29999]} 1. d4 d5 2. c4 e6 3. Nf3 Nf6 4. g3 Be7 5. Bg2 c6 6. Qc2 Nbd7 7. O-O O-O 8. Nbd2 b6 9. e4 dxe4 10. Nxe4 Bb7 11. Rd1 Qe8 {E09: Closed Catalan: Main Line: 7 Qc2 c6 8 Nbd2} (11... Nxe4 12. Qxe4 Nf6 13. Qe2 Qc8 14. Bf4 Rd8 15. Rac1 Bd6 16. Bxd6 Rxd6 17. c5 Rd8 18. Ne5 Nd5 19. Be4 Qc7 20. a3 g6 21. h4 f6 22. cxb6 axb6 23. Nxc6 Bxc6 24. Bxd5 exd5 25. Qe6+ Qf7 26. Rxc6 {1-0 (26) Mareco,S (2645)-Leskovar,M (2306) chess.com INT 2017}) 12. Ne5 $146 ({Predecessor:} 12. Bf4 Nxe4 13. Qxe4 Nf6 14. Qe2 c5 15. dxc5 Bxc5 16. Bd6 Bxd6 17. Rxd6 Qe7 18. Rad1 Rfd8 19. Qd3 Rxd6 20. Qxd6 Qxd6 21. Rxd6 {1-0 (53) Parnali,S (1866)-Samudin,E (1668) Bishkek 2015}) 12... Nxe5 13. dxe5 Nxe4 {White is slightly better.} 14. Bxe4 h6 15. Be3 Qb8 (15... Rb8 $16) 16. Rd7 $36 {[%mdl 2048] White is really pushing.} Re8 $2 (16... Bb4 {is a better chance.} 17. Rad1 Bc8) 17. Rad1 Bc8 {[#]} 18. Rxe7 $1 {[%mdl 512]} Rxe7 19. Rd8+ 1-0

[Event "FRA-ch Universities 2019"]
[Site "Paris"]
[Date "2019.02.02"]
[Round "1.9"]
[White "Martin, Florent"]
[Black "Lever, Erwan"]
[Result "0-1"]
[WhiteElo "1466"]
[BlackElo "2275"]
[Annotator "NA RC"]
[PlyCount "40"]
[EventDate "2019.02.01"]
[EventType "swiss"]
[EventCountry "FRA"]
[SourceTitle "playchess.com"]
[Source "ChessBase"]
[SourceQuality "1"]
[TimeControl "900+5"]

1. e4 {[%emt 0:00:00]} c5 {[%emt 0:00:00]} 2. c3 {[%emt 0:00:00]} Nf6 {[%emt 0:00:05]} 3. d3 {[%emt 0:00:01]} e6 {[%emt 0:00:16]} 4. Nf3 {[%emt 0:00:55]} Nc6 {[%emt 0:00:12]} 5. Nbd2 {[%emt 0:01:55]} d5 {[%emt 0:00:17]} 6. Be2 {[%emt 0:00:48]} Be7 {[%emt 0:00:18]} 7. O-O {[%emt 0:00:03]} O-O {[%emt 0:00:03]} 8. Nb3 {[%emt 0:00:42]} dxe4 {[%emt 0:00:54]} 9. Ng5 {[%emt 0:00:01]} exd3 {[%emt 0:00:11]} 10. Bxd3 {[%emt 0:00:08]} b6 {[%emt 0:00:58]} 11. Qc2 {[%emt 0:00:24]} g6 {[%emt 0:00:42]} 12. Bb5 {[%emt 0:02:37]} Bb7 {[%emt 0:00:07]} 13. Rd1 {[%emt 0:00:38]} Qc7 {[%emt 0:00:03]} 14. Rd3 {[%emt 0:01:04]} c4 {[%emt 0:04:08]} 15. Bxc4 {[%emt 0:01:05]} Ne5 {[%emt 0:00:05]} 16. Nxe6 {[%emt 0:00:03]} Qxc4 {[%emt 0:00:34]} 17. Nf4 {[%emt 0:00:41]} Nxd3 {[%emt 0:00:27]} 18. Nxd3 {[%emt 0:00:02]} Rad8 {[%emt 0:00:09]} 19. Ne5 {[%emt 0:00:48]} Qe4 {[%emt 0:00:07]} 20. Qxe4 {[%emt 0:00:14]} Rd1+ {[%emt 0:00:02]} 0-1

[Event "FRA-ch Universities 2019"]
[Site "Paris"]
[Date "2019.02.02"]
[Round "1.10"]
[White "Budak, Rewi"]
[Black "Zeller, Thomas"]
[Result "1/2-1/2"]
[WhiteElo "2128"]
[BlackElo "1782"]
[Annotator "NA RC"]
[PlyCount "122"]
[EventDate "2019.02.01"]
[EventType "swiss"]
[EventCountry "FRA"]
[SourceTitle "playchess.com"]
[Source "ChessBase"]
[SourceQuality "1"]
[TimeControl "900+5"]

1. e4 {[%emt 0:00:00]} e5 {[%emt 0:00:00]} 2. Bc4 {[%emt 0:00:00]} Nf6 {[%emt 0:00:00]} 3. d4 {[%emt 0:00:03]} exd4 {[%emt 0:01:17]} 4. Nf3 {[%emt 0:00:01]} Nc6 {[%emt 0:00:15]} 5. Ng5 {[%emt 0:00:02]} Ne5 {[%emt 0:00:40]} 6. Bb3 {[%emt 0:00:01]} h6 {[%emt 0:00:20]} 7. f4 {[%emt 0:00:01]} hxg5 {[%emt 0:00:37]} 8. fxe5 {[%emt 0:00:14]} Nxe4 {[%emt 0:01:46]} 9. Qxd4 {[%emt 0:00:10]} Nc5 {[%emt 0:00:23]} 10. Nc3 {[%emt 0:00:58]} Nxb3 {[%emt 0:00:47]} 11. axb3 {[%emt 0:00:01]} d6 {[%emt 0:00:36]} 12. O-O {[%emt 0:00:53]} dxe5 {[%emt 0:01:37]} 13. Qxe5+ {[%emt 0:00:11]} Be6 {[%emt 0:00:40]} 14. Bxg5 {[%emt 0:00:04]} Qd6 {[%emt 0:00:54]} 15. Bf4 {[%emt 0:03:32]} Qc5+ {[%emt 0:02:29]} 16. Kh1 {[%emt 0:00:03]} O-O-O {[%emt 0:00:17]} 17. Rxa7 {[%emt 0:02:24]} Bd6 {[%emt 0:02:00]} 18. Ra8+ {[%emt 0:02:37]} Kd7 {[%emt 0:00:00]} 19. Qxc5 {[%emt 0:00:29]} Bxc5 {[%emt 0:00:02]} 20. Rd1+ {[%emt 0:00:01]} Ke7 {[%emt 0:00:42]} 21. Raxd8 {[%emt 0:00:14]} Rxd8 {[%emt 0:00:01]} 22. Bxc7 {[%emt 0:00:02]} Rxd1+ {[%emt 0:00:07]} 23. Nxd1 {[%emt 0:00:01]} Bf5 {[%emt 0:00:00]} 24. Nc3 {[%emt 0:02:25]} Bxc2 {[%emt 0:00:01]} 25. b4 {[%emt 0:00:45]} Bd4 {[%emt 0:00:25]} 26. Bf4 {[%emt 0:00:26]} Ke6 {[%emt 0:00:07]} 27. h4 {[%emt 0:00:15]} Bxc3 {[%emt 0:00:01]} 28. bxc3 {[%emt 0:00:00]} b5 {[%emt 0:00:01]} 29. Kg1 {[%emt 0:00:03]} Kd5 {[%emt 0:00:03]} 30. Kf2 {[%emt 0:00:07]} Ke4 {[%emt 0:00:03]} 31. Be3 {[%emt 0:00:04]} f5 {[%emt 0:00:10]} 32. Bd4 {[%emt 0:00:15]} g6 {[%emt 0:00:02]} 33. Kg3 {[%emt 0:00:09]} Bb3 {[%emt 0:00:06]} 34. Bg7 {[%emt 0:00:05]} Bd5 {[%emt 0:00:07]} 35. Kf2 {[%emt 0:00:01]} Kd3 {[%emt 0:00:05]} 36. Kg3 {[%emt 0:00:14]} Ke4 {[%emt 0:00:02]} 37. Bf6 {[%emt 0:00:05]} Bc4 {[%emt 0:00:04]} 38. Kf2 {[%emt 0:00:01]} Bd5 {[%emt 0:00:06]} 39. Kg3 {[%emt 0:00:36]} Bc4 {[%emt 0:00:04]} 40. Be7 {[%emt 0:00:08]} Bd5 {[%emt 0:00:02]} 41. Bd6 {[%emt 0:00:04]} Bc4 {[%emt 0:00:04]} 42. Kh3 {[%emt 0:00:05]} Bd5 {[%emt 0:00:11]} 43. g3 {[%emt 0:00:17]} Kf3 {[%emt 0:00:04]} 44. Bf4 {[%emt 0:00:06]} Bc4 {[%emt 0:00:02]} 45. h5 {[%emt 0:00:09]} gxh5 {[%emt 0:00:19]} 46. Kh4 {[%emt 0:00:01]} Bd3 {[%emt 0:00:12]} 47. Kxh5 {[%emt 0:00:02]} Ke4 {[%emt 0:00:02]} 48. Kg6 {[%emt 0:00:01]} Bc4 {[%emt 0:00:04]} 49. Kf6 {[%emt 0:00:01]} Bd3 {[%emt 0:00:12]} 50. Ke6 {[%emt 0:00:02]} Bc4+ {[%emt 0:00:04]} 51. Kd6 {[%emt 0:00:01]} Kd3 {[%emt 0:00:06]} 52. Ke5 {[%emt 0:00:01]} Kxc3 {[%emt 0:00:07]} 53. Kxf5 {[%emt 0:00:10]} Kxb4 {[%emt 0:00:01]} 54. Be5 {[%emt 0:00:10]} Be2 {[%emt 0:00:04]} 55. Kf4 {[%emt 0:00:11]} Kc4 {[%emt 0:00:05]} 56. Ke3 {[%emt 0:00:02]} Bh5 {[%emt 0:00:02]} 57. Kf4 {[%emt 0:00:02]} b4 {[%emt 0:00:02]} 58. g4 {[%emt 0:00:03]} Bxg4 {[%emt 0:00:01]} 59. Kxg4 {[%emt 0:00:01]} b3 {[%emt 0:00:01]} 60. Kf4 {[%emt 0:00:01]} b2 {[%emt 0:00:01]} 61. Bxb2 Kd5 1/2-1/2